00000000nam 2200000zi 4500
0019.958143
003CaOODSP
00520251211100152
006m     o  d f      
007cr |n|||||||||
008251210s1928    nscda   o    f|0| 0 eng d
040 |aCaOODSP|beng|erda|cCaOODSP
043 |an-cn---
0861 |aFs52-5/20-1928E-PDF
1001 |aLangstroth, G. O., |eauthor.
24510|aHeat capacity of fish muscle : |blatent and specific heats / |cG.O. Langstroth.
264 1|aHalifax : |bBiological Board of Canada, |c1928.
300 |a1 online resource (11, [2] pages) : |bchart, illustration.
336 |atext|btxt|2rdacontent
337 |acomputer|bc|2rdamedia
338 |aonline resource|bcr|2rdacarrier
4901 |aManuscript reports of the experimental stations ; |vno. 20
500 |aDigitized edition from print [produced by Department of Fisheries and Oceans].
520 |a"In refrigeration problems it is important to have at hand data on the different aspects of heat transfer. Accordingly values were obtained for the heat capacity of various fish, from which it is possible to find the specific heat, the latent heat and the freezing point. The fish examined were Haddock, Burbot, Brook Trout, Skate, Herring and Cod. Certain differences were found in the above mentioned constants for the different fish"--page 1.
650 0|aRefrigeration and refrigerating machinery|xResearch.
650 0|aFrozen fish.
650 6|aRéfrigération et appareils frigorifiques|xRecherche.
650 6|aPoisson congelé.
7102 |aBiological Board of Canada, |eissuing body.
830#0|aManuscript reports of the experimental stations ;|vno. 20.|w(CaOODSP)9.948621
85640|qPDF|s5.04 MB|uhttps://publications.gc.ca/collections/collection_2025/mpo-dfo/fs52-5/Fs52-5-20-1928-eng.pdf